000 01045nam a2200265Ia 4500
003 OSt
005 20221005102828.0
006 a|||||r|||| 00| 0
007 ta
008 221004b |||||||| |||| 00| 0 san d
020 _c500
024 _a98154
037 _b536, 15/01/2009, Eastern Book Linkers
_cTextual
040 _aCRL
_cCRL
_bsan
041 _2san
_asan
082 _aO15,1:g(Q), 152P8(
100 _aकुलश्रेष्ठ, अगम
245 0 _aसंस्कृत में प्रमुख पच्चमहाकाव्यों में धर्म
246 _aSanskṛut mean pramukh pachchamahākāvyoan mean dharma
260 _aआगरा
_bबॉंके बिहारी प्रकाशन भारत
_c2008
300 _a288पृ0
_ccm.
650 _aसंस्कृत साहित्य
942 _hO15,1:g(Q), 152P8(
_cTEXL
_2cc
999 _c1009010
_d1009010